[Event "SC Forchheim 3-SV Lauf 1"]
[Site "?"]
[Date "2014.12.14"]
[Round "4.5"]
[White "Scherb, Ansgar"]
[Black "Radeck, Jochen"]
[Result "1/2-1/2"]
[WhiteElo "1793"]
[BlackElo "1766"]
[PlyCount "76"]
[EventDate "2014.??.??"]
[WhiteTeam "SV Lauf 1"]
[BlackTeam "SC Forchheim 3"]

1. e4 c5 2. Nf3 Nc6 3. c3 d5 4. exd5 Qxd5 5. d4 Bg4 6. Be2 cxd4 7. cxd4 e6 8.
Nc3 Bb4 9. O-O Bxc3 10. bxc3 Nge7 11. h3 Bh5 12. Rb1 Qxa2 13. Rxb7 O-O 14. Qd2
Qxd2 15. Bxd2 Rab8 16. Rfb1 Rxb7 17. Rxb7 Rb8 18. Rxb8+ Nxb8 19. g4 Bg6 20. Ne5
Bc2 21. c4 Nbc6 22. Nxc6 Nxc6 23. Bc3 Bb3 24. Bf3 Ne7 25. Bb4 Kf8 26. d5 exd5
27. cxd5 Ke8 28. d6 Nc8 29. Bc6+ Kd8 30. Ba5+ Nb6 31. f4 Be6 32. Kf2 Bd7 33.
Bd5 Be8 34. Bc4 Kd7 35. Bb5+ Kd8 36. Bc4 Kc8 37. Ba6+ Kd7 38. Bb5+ Kd8 1/2-1/2

[Event "SC Forchheim 3-SV Lauf 1"]
[Site "?"]
[Date "2014.12.14"]
[Round "4.6"]
[White "Gagel, Roland"]
[Black "Zach, Andreas"]
[Result "1-0"]
[WhiteElo "1780"]
[BlackElo "1820"]
[PlyCount "49"]
[EventDate "2014.??.??"]
[WhiteTeam "SC Forchheim 3"]
[BlackTeam "SV Lauf 1"]

1. d4 Nf6 2. f4 d5 3. e3 Bf5 4. Bd3 Bxd3 5. Qxd3 Nbd7 6. Nd2 e6 7. Ngf3 c5 8.
c3 c4 9. Qc2 b5 10. Ne5 Rc8 11. O-O g6 12. e4 dxe4 13. Nxe4 Be7 14. Nxf7 Kxf7
15. Ng5+ Ke8 16. Nxe6 Qb6 17. f5 Rg8 18. Bg5 gxf5 19. Qxf5 Rg6 20. Rae1 Kf7 21.
Bxf6 Nxf6 22. Ng5+ Rxg5 23. Qxg5 Rg8 24. Qh5+ Kf8 25. Qh6+ 1-0

[Event "SC Forchheim 3-SV Lauf 1"]
[Site "?"]
[Date "2014.12.14"]
[Round "4.8"]
[White "Gueldner, Udo"]
[Black "Giering, Goetz"]
[Result "1-0"]
[WhiteElo "1802"]
[BlackElo "1787"]
[PlyCount "75"]
[EventDate "2014.??.??"]
[WhiteTeam "SC Forchheim 3"]
[BlackTeam "SV Lauf 1"]

1. d4 f5 2. Nf3 Nf6 3. e3 g6 4. c4 Bg7 5. Nc3 d6 6. Bd3 O-O 7. O-O Qe8 8. Bc2
e5 9. dxe5 dxe5 10. Nd5 Nxd5 11. Qxd5+ Kh8 12. Bd2 Nc6 13. Ba4 Bd7 14. Bc3 Rd8
15. Qc5 b6 16. Qa3 e4 17. Bxg7+ Kxg7 18. Qc3+ Kg8 19. Bxc6 Bxc6 20. Nd4 Bd7 21.
c5 Qe7 22. Qc4+ Kg7 23. Rac1 f4 24. exf4 Rxf4 25. Ne2 Rg4 26. cxb6 cxb6 27.
Rfd1 Rc8 28. Qd4+ Kf8 29. Qxd7 Rxc1 30. Nxc1 Qg5 31. Qd8+ Qxd8 32. Rxd8+ Ke7
33. Ra8 Rg5 34. Rxa7+ Ke6 35. Ne2 Kd6 36. Rxh7 Rd5 37. Nc3 Rd2 38. Nxe4+ 1-0

[Event "SC NT Nuernberg 4-SK Neumarkt 1"]
[Site "?"]
[Date "2014.12.14"]
[Round "4.1"]
[White "Beesk, Kevin"]
[Black "Haubold, Martin"]
[Result "0-1"]
[WhiteElo "1992"]
[BlackElo "2017"]
[PlyCount "98"]
[EventDate "2014.??.??"]
[WhiteTeam "SK Neumarkt 1"]
[BlackTeam "SC NT Nürnberg 4"]

1. e4 c6 2. Nc3 d5 3. g3 dxe4 4. Nxe4 Bf5 5. Bg2 e6 6. d3 Nd7 7. Qe2 Ngf6 8.
Nf3 Be7 9. O-O O-O 10. a4 a5 11. b3 Nd5 12. Bb2 Bg6 13. h4 h6 14. Ne5 Nxe5 15.
Bxe5 Re8 16. f4 Bxe4 17. Qxe4 Bc5+ 18. Kh1 Ne3 19. Rfc1 Ng4 20. Qe2 Ne3 21. Bb2
Nf5 22. Qf3 Qb6 23. Bh3 Bd4 24. Bxd4 Qxd4 25. Bxf5 exf5 26. Re1 Re6 27. Kg2
Rae8 28. Kf1 Qc3 29. Qf2 Rxe1+ 30. Rxe1 Rxe1+ 31. Qxe1 Qxc2 32. Qe8+ Kh7 33.
Qxf7 Qxd3+ 34. Kf2 Qd4+ 35. Ke2 Qe4+ 36. Kf2 b5 37. axb5 cxb5 38. h5 a4 39.
bxa4 bxa4 40. Qf8 Qd5 41. Qe8 a3 42. Qg6+ Kh8 43. Qe8+ Qg8 44. Qa4 a2 45. Ke3
Qe6+ 46. Kd2 Qe4 47. Qa6 Qg2+ 48. Kc1 Qg1+ 49. Kb2 Qb1+ 0-1

[Event "SC NT Nuernberg 4-SK Neumarkt 1"]
[Site "?"]
[Date "2014.12.14"]
[Round "4.2"]
[White "Krauss, Hermann"]
[Black "Simon, Martin"]
[Result "1/2-1/2"]
[WhiteElo "1982"]
[BlackElo "1926"]
[PlyCount "32"]
[EventDate "2014.??.??"]
[WhiteTeam "SC NT Nürnberg 4"]
[BlackTeam "SK Neumarkt 1"]

1. c4 Nf6 2. Nf3 e6 3. b3 Be7 4. Bb2 O-O 5. g3 d5 6. Bg2 b6 7. O-O Bb7 8. d3 c5
9. e3 Nc6 10. Qe2 Qc7 11. Nc3 a6 12. Rac1 dxc4 13. dxc4 Rfd8 14. Rfd1 Rxd1+ 15.
Rxd1 Rd8 16. Rxd8+ Qxd8 1/2-1/2

[Event "SC NT Nuernberg 4-SK Neumarkt 1"]
[Site "?"]
[Date "2014.12.14"]
[Round "4.3"]
[White "Kipferl, Wolfgang"]
[Black "Maettig, Stefan"]
[Result "0-1"]
[WhiteElo "1861"]
[BlackElo "1925"]
[PlyCount "92"]
[EventDate "2014.??.??"]
[WhiteTeam "SK Neumarkt 1"]
[BlackTeam "SC NT Nürnberg 4"]

1. e4 d6 2. d4 Nf6 3. Bd3 e5 4. d5 g6 5. c4 Bg7 6. Nc3 O-O 7. f3 Ne8 8. Be3 Bh6
9. Qe2 Bxe3 10. Qxe3 Na6 11. Nge2 c5 12. O-O-O Nac7 13. h4 a6 14. g4 b5 15.
Rdg1 bxc4 16. Bxc4 Nb5 17. f4 exf4 18. Nxf4 Qe7 19. Nd3 Nxc3 20. bxc3 Nc7 21.
Qf4 Nb5 22. Bxb5 axb5 23. Rh2 Ra3 24. Rc2 b4 25. Rg3 Bd7 26. cxb4 Ba4 27. Rb2
Qxh4 28. Re3 Rxd3 29. Rh2 Qxh2 30. Qxh2 Rxe3 31. Qxd6 cxb4 32. Qxb4 Bd7 33. Kd2
Rh3 34. g5 Ra8 35. a3 Be8 36. Kc2 Rhxa3 37. Kb2 R3a7 38. Qc5 Ra4 39. Kc2 Ra3
40. Qe7 R3a7 41. Qc5 Bd7 42. Kd3 Ra4 43. Qc7 Bh3 44. Qc6 Bg2 45. e5 R4a5 46. e6
Bxd5 0-1

[Event "SC NT Nuernberg 4-SK Neumarkt 1"]
[Site "?"]
[Date "2014.12.14"]
[Round "4.5"]
[White "Brunner, Wolfgang"]
[Black "Loebel, Petra"]
[Result "1/2-1/2"]
[WhiteElo "1900"]
[BlackElo "1826"]
[PlyCount "90"]
[EventDate "2014.??.??"]
[WhiteTeam "SK Neumarkt 1"]
[BlackTeam "SC NT Nürnberg 4"]

1. d4 e6 2. c4 f5 3. Nc3 Nf6 4. g3 c6 5. Bg2 d5 6. Nf3 Bd6 7. b3 O-O 8. c5 Bc7
9. e3 Bd7 10. O-O Qe7 11. Bb2 Be8 12. b4 a6 13. Ne5 Bh5 14. Qd3 Ne4 15. f3 Nxc3
16. Bxc3 Bxe5 17. dxe5 Nd7 18. Bd4 g5 19. f4 Kh8 20. a4 Rf7 21. Rf2 gxf4 22.
exf4 Rg7 23. Rc2 Nf8 24. Rb1 Be8 25. Bf2 Ng6 26. Kf1 Bd7 27. Bf3 Rag8 28. Ke2
Be8 29. Bd4 Qf8 30. Kd2 Ne7 31. Kc3 h5 32. Bf2 Rh7 33. h4 Rgg7 34. Kd4 Qg8 35.
Be2 Qf8 36. Qd1 Qg8 37. Qe1 Qf7 38. Rcb2 Ng8 39. Kc3 Nh6 40. Kb3 Ng4 41. Bd4
Rg8 42. Ka3 Rhg7 43. Rb3 Qe7 44. Rc3 Bd7 45. Rb2 Kh7 1/2-1/2

[Event "SC NT Nuernberg 4-SK Neumarkt 1"]
[Site "?"]
[Date "2014.12.14"]
[Round "4.6"]
[White "Rabenstein, Christian"]
[Black "Niebler, Andreas"]
[Result "0-1"]
[WhiteElo "1727"]
[BlackElo "1801"]
[PlyCount "118"]
[EventDate "2014.??.??"]
[WhiteTeam "SC NT Nürnberg 4"]
[BlackTeam "SK Neumarkt 1"]

1. c4 Nf6 2. Nc3 g6 3. e4 d6 4. g3 Bg7 5. Bg2 c6 6. Nge2 e5 7. O-O O-O 8. d3
Re8 9. Rb1 a5 10. h3 Nbd7 11. b3 Nc5 12. f4 Nh5 13. f5 Bf6 14. g4 Ng7 15. Be3
Bg5 16. Qd2 h6 17. Bxg5 Qxg5 18. Qxg5 hxg5 19. Rbd1 Rd8 20. d4 Nd7 21. fxg6
fxg6 22. dxe5 Nxe5 23. c5 Ne8 24. Rd2 Be6 25. Rfd1 Rd7 26. cxd6 Rad8 27. Na4
Rxd6 28. Rxd6 Rxd6 29. Rxd6 Nxd6 30. Nd4 Kf7 31. Bf1 Nxe4 32. Nb6 Ke7 33. Kg2
Kd6 34. Be2 Bd5 35. Nxd5 Kxd5 36. Nc2 b5 37. b4 a4 38. a3 Nd2 39. Kf2 Ndc4 40.
Bf1 Ke4 41. Bxc4 Nxc4 42. Ke2 Kd5 43. Kd3 Nb2+ 44. Ke3 Nd1+ 45. Ke2 Nc3+ 46.
Kd3 Ne4 47. Ne3+ Ke5 48. Ke2 Kd4 49. Nc2+ Kc3 50. Ne3 Nd6 51. Ng2 Nc4 52. h4
gxh4 53. Nxh4 Ne5 54. g5 Kb3 55. Kd2 Kxa3 56. Kc3 Ka2 57. Kc2 c5 58. bxc5 b4
59. Nxg6 b3+ 0-1

[Event "SC NT Nuernberg 4-SK Neumarkt 1"]
[Site "?"]
[Date "2014.12.14"]
[Round "4.7"]
[White "Lutter, Maximilian"]
[Black "Hoffmann, Sebastian"]
[Result "1-0"]
[WhiteElo "1928"]
[BlackElo "1786"]
[PlyCount "171"]
[EventDate "2014.??.??"]
[WhiteTeam "SK Neumarkt 1"]
[BlackTeam "SC NT Nürnberg 4"]

1. b3 e5 2. Bb2 Nc6 3. e3 d5 4. Bb5 Bd6 5. c4 Be6 6. c5 Bxc5 7. Bxe5 Nf6 8. Qc2
Qe7 9. b4 Bd7 10. Bxc6 bxc6 11. Qxc5 Qxe5 12. Nc3 Ne4 13. Qd4 Qxd4 14. exd4 O-O
15. f3 Nd6 16. Nge2 Rfe8 17. d3 Bf5 18. Kd2 Re7 19. g4 Bd7 20. Rhe1 a5 21. bxa5
Rxa5 22. Nf4 Rxe1 23. Kxe1 Nb5 24. Nxb5 Rxb5 25. Kd2 Kf8 26. Kc3 g5 27. Ne2 c5
28. dxc5 Rxc5+ 29. Kd2 Ra5 30. Nc3 Ke7 31. d4 Kd6 32. Re1 Be6 33. Rb1 Ra8 34.
Rb5 c6 35. Rc5 Bc8 36. a4 f5 37. h3 fxg4 38. fxg4 h5 39. gxh5 Bxh3 40. a5 Bf1
41. Nd1 Bb5 42. Nc3 Rxa5 43. h6 Ra8 44. Nxb5+ cxb5 45. Rxb5 Kc6 46. Rc5+ Kd6
47. Rb5 Ke6 48. Ke2 Rd8 49. Kf3 Kf5 50. h7 Rh8 51. Rxd5+ Ke6 52. Re5+ Kf6 53.
Kg4 Rxh7 54. Rxg5 Rh1 55. Ra5 Ke6 56. Kf4 Rh4+ 57. Ke3 Kd6 58. Kd3 Rg4 59. Kc4
Rg1 60. Ra6+ Kd7 61. Kc5 Rc1+ 62. Kd5 Rh1 63. Ra7+ Kd8 64. Rg7 Rh5+ 65. Kd6
Rh6+ 66. Ke5 Rh5+ 67. Ke6 Rh6+ 68. Kd5 Rh5+ 69. Kc6 Rh6+ 70. Kc5 Rh1 71. d5
Rc1+ 72. Kd6 Kc8 73. Rg8+ Kb7 74. Ke7 Re1+ 75. Kd7 Rc1 76. d6 Rd1 77. Rg4 Rc1
78. Ke7 Re1+ 79. Kd8 Rd1 80. d7 Kc6 81. Rc4+ Kb5 82. Rc7 Kb6 83. Kc8 Ra1 84.
Rb7+ Kc6 85. d8=Q Ra8+ 86. Rb8 1-0

[Event "SC NT Nuernberg 4-SK Neumarkt 1"]
[Site "?"]
[Date "2014.12.14"]
[Round "4.8"]
[White "Faralisz, Patrick"]
[Black "Zidar, Zlatko"]
[Result "1-0"]
[WhiteElo "1687"]
[BlackElo "1716"]
[PlyCount "88"]
[EventDate "2014.??.??"]
[WhiteTeam "SC NT Nürnberg 4"]
[BlackTeam "SK Neumarkt 1"]

1. e4 c5 2. Nf3 Nc6 3. Bb5 d6 4. Bxc6+ bxc6 5. O-O e6 6. e5 d5 7. d3 Ne7 8. Nc3
Ng6 9. b3 Be7 10. Ba3 f6 11. exf6 Bxf6 12. Qd2 Qa5 13. Bb2 O-O 14. Nxd5 Qd8 15.
Nxf6+ gxf6 16. Qc3 Qd5 17. Ba3 Qh5 18. Qxc5 e5 19. Qxc6 Bg4 20. Qd5+ Kh8 21.
Bxf8 Rxf8 22. Nd2 Nf4 23. Qe4 Rg8 24. Kh1 Bf5 25. Qf3 Bg4 26. Qe4 Bf5 27. Qf3
Bg4 28. Qc6 Be6 29. Rg1 Qg6 30. Qf3 f5 31. Qd1 Bd5 32. f3 Nh5 33. Qe1 e4 34.
fxe4 f4 35. Nf1 Be6 36. Rd1 Qh6 37. h3 Bxh3 38. gxh3 Ng3+ 39. Kh2 Qf6 40. Nxg3
fxg3+ 41. Rxg3 Rc8 42. Rd2 h5 43. Qe3 h4 44. Rg4 Rc3 1-0

[Event "SK Schwanstetten 1-SC 48/88 Erlangen 3"]
[Site "?"]
[Date "2014.12.14"]
[Round "4.1"]
[White "Diller, Daniel"]
[Black "Manthey, Frank"]
[Result "1/2-1/2"]
[WhiteElo "1964"]
[BlackElo "2045"]
[PlyCount "82"]
[EventDate "2014.??.??"]
[WhiteTeam "SC 48/88 Erlangen 3"]
[BlackTeam "SK Schwanstetten 1"]

1. c4 Nf6 2. g3 c6 3. Bg2 d5 4. Nf3 h6 5. O-O Bf5 6. cxd5 Nxd5 7. Re1 Nf6 8.
Nc3 e6 9. e4 Bh7 10. d4 Be7 11. Qb3 Qb6 12. Qxb6 axb6 13. d5 cxd5 14. exd5 Nxd5
15. Nxd5 exd5 16. Bf4 Be4 17. Nd4 O-O 18. Bxe4 dxe4 19. Rxe4 Bf6 20. Be5 Re8
21. Rae1 Nd7 22. Bxf6 Rxe4 23. Rxe4 Nxf6 24. Re2 Rxa2 25. Nb5 Nd7 26. Nd6 Nc5
27. h4 Nd3 28. h5 g6 29. Re8+ Kg7 30. Re7 gxh5 31. Rxb7 Rxb2 32. Nxf7 Kg6 33.
Nd6 Nxf2 34. Nc4 Nh3+ 35. Kf1 Rb4 36. Rxb6+ Rxb6 37. Nxb6 Kf5 38. Kg2 Ng5 39.
Nd5 Ne4 40. Ne3+ Kg5 41. Kf3 Nxg3 1/2-1/2

[Event "SK Schwanstetten 1-SC 48/88 Erlangen 3"]
[Site "?"]
[Date "2014.12.14"]
[Round "4.3"]
[White "Gloth, Gerrit"]
[Black "Cipra, Lothar"]
[Result "0-1"]
[WhiteElo "1870"]
[BlackElo "1933"]
[PlyCount "140"]
[EventDate "2014.??.??"]
[WhiteTeam "SC 48/88 Erlangen 3"]
[BlackTeam "SK Schwanstetten 1"]

1. e4 c5 2. Nc3 e6 3. g3 d5 4. exd5 exd5 5. Bg2 Nf6 6. d3 Be6 7. Nge2 Nc6 8.
O-O Be7 9. Re1 d4 10. Ne4 O-O 11. Nxf6+ Bxf6 12. Nf4 Bf5 13. Nd5 Be5 14. Bf4
Bxf4 15. Nxf4 Qd7 16. h3 Rae8 17. Qf3 Nd8 18. g4 Be6 19. Nxe6 Rxe6 20. Rxe6
Qxe6 21. Qe4 b6 22. f4 Qd7 23. Qd5 Qb5 24. Qb3 Qe8 25. Rf1 Qe3+ 26. Kh2 Re8 27.
Qd5 Ne6 28. Rf3 Qd2 29. Qe4 Rf8 30. Kg3 Qxc2 31. Rf2 Qa4 32. h4 Qd7 33. f5 Qd6+
34. Kh3 Nc7 35. Re2 h6 36. Qe7 Qf4 37. Re4 Nd5 38. Rxf4 Nxe7 39. Re4 Nd5 40.
Re5 Nf4+ 41. Kg3 Nxd3 42. Re2 Nc1 43. Re1 Nd3 44. Re2 Rd8 45. b3 f6 46. g5 hxg5
47. hxg5 Kf8 48. gxf6 gxf6 49. Re6 Kf7 50. Bf3 Rg8+ 51. Kh4 Rh8+ 52. Kg3 Rg8+
53. Kh4 Rg5 54. Bg4 Nf4 55. Rc6 Nd5 56. Rd6 Ne3 57. Bh5+ Rxh5+ 58. Kxh5 Nxf5
59. Rd8 Ke7 60. Rg8 Ke6 61. Rg2 Kd5 62. Rf2 Ke4 63. Kg6 Nh4+ 64. Kxf6 Nf3 65.
Re2+ Kd3 66. Rg2 Ke3 67. Rg8 d3 68. Re8+ Kd4 69. Kf5 d2 70. Kf4 Kc3 0-1

[Event "SK Schwanstetten 1-SC 48/88 Erlangen 3"]
[Site "?"]
[Date "2014.12.14"]
[Round "4.4"]
[White "Arlt, Michael"]
[Black "Albrecht, Thorsten"]
[Result "1/2-1/2"]
[WhiteElo "1884"]
[BlackElo "1827"]
[PlyCount "33"]
[EventDate "2014.??.??"]
[WhiteTeam "SK Schwanstetten 1"]
[BlackTeam "SC 48/88 Erlangen 3"]

1. d4 f5 2. g3 Nf6 3. Bg2 g6 4. Nh3 Bg7 5. c3 d6 6. O-O O-O 7. Nd2 c6 8. Nf4
Qe8 9. Qb3+ Qf7 10. Nf3 Qxb3 11. axb3 Ne4 12. Be3 Na6 13. Nd3 Nc7 14. Nd2 Nxd2
15. Bxd2 Be6 16. b4 Bc4 17. f4 1/2-1/2

[Event "SK Schwanstetten 1-SC 48/88 Erlangen 3"]
[Site "?"]
[Date "2014.12.14"]
[Round "4.5"]
[White "Huettl, Walter"]
[Black "Schulz, Wilfried"]
[Result "1/2-1/2"]
[WhiteElo "1809"]
[BlackElo "1855"]
[PlyCount "74"]
[EventDate "2014.??.??"]
[WhiteTeam "SC 48/88 Erlangen 3"]
[BlackTeam "SK Schwanstetten 1"]

1. c4 Nf6 2. Nc3 g6 3. g3 Bg7 4. Bg2 c6 5. e4 d6 6. d3 O-O 7. Rb1 e5 8. Nf3 Na6
9. O-O Nc7 10. d4 exd4 11. Nxd4 Ne6 12. Nxe6 Bxe6 13. Qd3 Ng4 14. b3 Qa5 15.
Ne2 Rad8 16. h3 Ne5 17. Qc2 f6 18. Be3 Qc7 19. Rbd1 b6 20. Nd4 Bd7 21. Ne2 Bc8
22. Bd4 Qe7 23. Be3 Bb7 24. Rd2 Rfe8 25. Rfd1 Nf7 26. a4 Bh6 27. Bf4 Bxf4 28.
Nxf4 Ne5 29. Qc3 Nf7 30. Re2 Qe5 31. Qc2 Kg7 32. Kh2 Qe7 33. Qb2 Qe5 34. Qc2
Qe7 35. Qb2 Qe5 36. Qc2 Qe7 37. Qb2 Qe5 1/2-1/2

[Event "SK Schwanstetten 1-SC 48/88 Erlangen 3"]
[Site "?"]
[Date "2014.12.14"]
[Round "4.6"]
[White "Leonhardt, Frank"]
[Black "Weber, Alexander"]
[Result "0-1"]
[WhiteElo "1880"]
[BlackElo "1800"]
[PlyCount "80"]
[EventDate "2014.??.??"]
[WhiteTeam "SK Schwanstetten 1"]
[BlackTeam "SC 48/88 Erlangen 3"]

1. e4 c6 2. d4 d5 3. Nc3 dxe4 4. Nxe4 Bf5 5. Ng3 Bg6 6. Nf3 Nd7 7. Bd3 Bxd3 8.
Qxd3 e6 9. Bf4 Qa5+ 10. c3 Ngf6 11. O-O Nd5 12. Bd2 Qc7 13. Rfe1 Be7 14. Rad1
O-O 15. Ne5 Nxe5 16. dxe5 Rfd8 17. Qe4 Rd7 18. Qg4 Kh8 19. c4 Nb6 20. b3 Rad8
21. Bc3 Rxd1 22. Rxd1 Rxd1+ 23. Qxd1 Nd7 24. f4 Kg8 25. Kf2 f5 26. Ne2 Nc5 27.
Kf3 Ne4 28. Bd4 c5 29. Bb2 Qc6 30. Ke3 g5 31. g3 g4 32. Nc3 Nxc3 33. Bxc3 Qe4+
34. Kf2 h5 35. Qe2 Qc6 36. Ke3 h4 37. Kd2 h3 38. Kc2 Qg2 39. Qd2 Bh4 40. Kc1
Qxd2+ 0-1

[Event "SK Schwanstetten 1-SC 48/88 Erlangen 3"]
[Site "?"]
[Date "2014.12.14"]
[Round "4.7"]
[White "Balhar, Michael"]
[Black "Arlt, Birgit"]
[Result "1-0"]
[WhiteElo "1795"]
[BlackElo "1585"]
[PlyCount "109"]
[EventDate "2014.??.??"]
[WhiteTeam "SC 48/88 Erlangen 3"]
[BlackTeam "SK Schwanstetten 1"]

1. d4 d5 2. c4 e6 3. Nc3 Nf6 4. cxd5 exd5 5. Bg5 Be7 6. e3 O-O 7. Bd3 h6 8. Bh4
c6 9. Nge2 Re8 10. O-O Nbd7 11. a3 Nf8 12. Qc2 Ne4 13. Bxe7 Qxe7 14. b4 Bd7 15.
Nxe4 dxe4 16. Bc4 Rac8 17. Nf4 Qg5 18. Qb3 Ne6 19. Bxe6 Bxe6 20. Qc2 Bd7 21.
Rfc1 h5 22. Qa4 Ra8 23. Rc5 Bf5 24. b5 h4 25. bxc6 bxc6 26. Qxc6 g6 27. Rb1
Rac8 28. Qa4 Ra8 29. Rb7 h3 30. g3 Qg4 31. Qc2 g5 32. Qe2 gxf4 33. Qxg4+ Bxg4
34. Rg5+ Kf8 35. Rxg4 Rac8 36. Rb1 f3 37. Rh4 Rc2 38. Rxh3 Ke7 39. Rh5 Rec8 40.
Re5+ Kd6 41. Rf1 Rc1 42. Rc5 R8xc5 43. dxc5+ Rxc5 44. Rd1+ Ke6 45. h4 a5 46. g4
Rc8 47. Kh2 Rc3 48. a4 Rc8 49. Kg3 Ke5 50. Rb1 Rc5 51. Rb8 Kd6 52. h5 f5 53. h6
Rc7 54. g5 f4+ 55. Kxf4 1-0

[Event "SK Schwanstetten 1-SC 48/88 Erlangen 3"]
[Site "?"]
[Date "2014.12.14"]
[Round "4.8"]
[White "Gstaltmeyr, Karl"]
[Black "Rupp, Andreas"]
[Result "1/2-1/2"]
[WhiteElo "1721"]
[BlackElo "1557"]
[PlyCount "49"]
[EventDate "2014.??.??"]
[WhiteTeam "SK Schwanstetten 1"]
[BlackTeam "SC 48/88 Erlangen 3"]

1. d4 d5 2. Nf3 Nf6 3. c3 Bf5 4. Nbd2 Nc6 5. e3 g6 6. h3 Bg7 7. Nh4 Bd7 8. Bd3
e5 9. g4 e4 10. Be2 Be6 11. Ng2 Ne7 12. Nb3 Nd7 13. Nf4 Nc6 14. h4 Nb6 15. Nxe6
fxe6 16. Nc5 Qc8 17. g5 Bf8 18. Bg4 Bxc5 19. dxc5 Nc4 20. b3 N4e5 21. O-O Nxg4
22. Qxg4 O-O 23. f4 exf3 24. Rxf3 Rxf3 25. Qxf3 1/2-1/2

[Event "SG Kirchehren./Eberm. 1-SK Schwanstette"]
[Site "?"]
[Date "2015.01.25"]
[Round "5.1"]
[White "Manthey, Frank"]
[Black "Kuhmann, Peter"]
[Result "1-0"]
[WhiteElo "2045"]
[BlackElo "1843"]
[PlyCount "41"]
[EventDate "2015.??.??"]
[WhiteTeam "SK Schwanstetten 1"]
[BlackTeam "SG Kirchehren./Eberm. 1"]

1. e4 d5 2. exd5 Nf6 3. d4 Nxd5 4. c4 Nb4 5. a3 N4c6 6. Be3 e5 7. d5 Ne7 8. Bd3
f5 9. Nc3 c6 10. Qa4 Ng6 11. O-O-O Qf6 12. Nf3 h6 13. dxc6 Qxc6 14. Nb5 Na6 15.
Bc2 Bd7 16. Rxd7 Qxd7 17. Bxf5 Qc6 18. Be4 Qf6 19. Nc7+ Kd8 20. Nxa8 Bc5 21.
Rd1+ 1-0

[Event "SG Kirchehren./Eberm. 1-SK Schwanstette"]
[Site "?"]
[Date "2015.01.25"]
[Round "5.2"]
[White "Pokorny, Klaus"]
[Black "Cipra, Lothar"]
[Result "1/2-1/2"]
[WhiteElo "1736"]
[BlackElo "1933"]
[PlyCount "103"]
[EventDate "2015.??.??"]
[WhiteTeam "SG Kirchehren./Eberm. 1"]
[BlackTeam "SK Schwanstetten 1"]

1. c4 e5 2. g3 Nf6 3. Bg2 Nc6 4. Nc3 Bc5 5. Nf3 O-O 6. O-O d6 7. d3 h6 8. e3
Bg4 9. a3 a5 10. b3 d5 11. cxd5 Nxd5 12. Bb2 Nxc3 13. Bxc3 Qe7 14. Bb2 Rad8 15.
Qc2 Bf5 16. Rfc1 Bb6 17. Ne1 Rd6 18. Qc3 Re8 19. Kh1 Qd7 20. Rd1 Bh3 21. b4
Bxg2+ 22. Kxg2 Rg6 23. Nf3 axb4 24. axb4 Qd5 25. e4 Qd6 26. Nh4 Rf6 27. f4 Bd4
28. Qb3 Qxb4 29. Qxb4 Nxb4 30. Bxd4 exd4 31. Ra4 c5 32. Nf5 Kh7 33. Nxd4 Rd6
34. Nf5 Rxd3 35. Rxd3 Nxd3 36. Ra7 g6 37. Nd6 Re7 38. Kf3 Rd7 39. e5 f6 40.
Rxb7 Rxb7 41. Nxb7 fxe5 42. fxe5 Nxe5+ 43. Ke4 Ng4 44. h4 Nf2+ 45. Kd5 Nh1 46.
g4 Nf2 47. g5 hxg5 48. hxg5 Nh3 49. Nxc5 Nxg5 50. Nd7 Kg7 51. Ne5 Nh3 52. Nxg6
1/2-1/2

[Event "SG Kirchehren./Eberm. 1-SK Schwanstette"]
[Site "?"]
[Date "2015.01.25"]
[Round "5.3"]
[White "Arlt, Michael"]
[Black "Friedrich, Heinrich"]
[Result "0-1"]
[WhiteElo "1884"]
[BlackElo "1915"]
[PlyCount "80"]
[EventDate "2015.??.??"]
[WhiteTeam "SK Schwanstetten 1"]
[BlackTeam "SG Kirchehren./Eberm. 1"]

1. d4 e6 2. c4 c5 3. d5 exd5 4. cxd5 d6 5. Nc3 g6 6. Nf3 Bg7 7. e4 a6 8. a4 Nf6
9. Nd2 O-O 10. Be2 Nbd7 11. f4 Qc7 12. O-O Re8 13. Bf3 Rb8 14. a5 b5 15. axb6
Rxb6 16. Kh1 Rb4 17. b3 Ng4 18. Ndb1 h5 19. Ra4 Nb6 20. Rxb4 cxb4 21. Na2 a5
22. Qd3 Bd7 23. Bxg4 hxg4 24. Be3 Qb7 25. Nd2 f5 26. Bxb6 Qxb6 27. Nc4 Qa6 28.
e5 dxe5 29. fxe5 Bb5 30. e6 Qc8 31. Re1 Bf6 32. e7 Qd7 33. d6 Bxe7 34. Qd5+ Kg7
35. Nxa5 Bxd6 36. Rd1 Qe6 37. Qd4+ Qe5 38. Qxe5+ Rxe5 39. g3 Be7 40. Kg2 Re2+
0-1

[Event "SG Kirchehren./Eberm. 1-SK Schwanstette"]
[Site "?"]
[Date "2015.01.25"]
[Round "5.4"]
[White "Kotz, Roland"]
[Black "Leonhardt, Frank"]
[Result "0-1"]
[WhiteElo "1633"]
[BlackElo "1880"]
[PlyCount "44"]
[EventDate "2015.??.??"]
[WhiteTeam "SG Kirchehren./Eberm. 1"]
[BlackTeam "SK Schwanstetten 1"]

1. f4 Nf6 2. b3 g6 3. Bb2 Bg7 4. Nf3 O-O 5. e3 d5 6. c4 b6 7. Be2 Bb7 8. O-O c5
9. d4 dxc4 10. bxc4 cxd4 11. exd4 e6 12. Nbd2 Nc6 13. h3 Nh5 14. Ne5 Ng3 15.
Rf2 Nxe2+ 16. Rxe2 Nxd4 17. Re3 Nf5 18. Rd3 Qh4 19. g4 Rad8 20. Nf1 Rxd3 21.
Qxd3 Rd8 22. Qa3 Bf8 0-1

[Event "SG Kirchehren./Eberm. 1-SK Schwanstette"]
[Site "?"]
[Date "2015.01.25"]
[Round "5.5"]
[White "Vogt, Peter"]
[Black "Schneider, Norbert"]
[Result "1-0"]
[WhiteElo "1834"]
[BlackElo "1690"]
[PlyCount "83"]
[EventDate "2015.??.??"]
[WhiteTeam "SK Schwanstetten 1"]
[BlackTeam "SG Kirchehren./Eberm. 1"]

1. e4 c5 2. Nf3 d6 3. d4 cxd4 4. Nxd4 Nf6 5. Nc3 a6 6. Be2 Nbd7 7. O-O e5 8.
Nf5 Nc5 9. Bg5 h6 10. Bxf6 Qxf6 11. Nd5 Qd8 12. Bf3 g6 13. Nfe3 Bg7 14. Qd2 O-O
15. Rad1 b5 16. g3 Ra7 17. c4 Rd7 18. b4 Ne6 19. Bg4 Nd4 20. f4 f5 21. exf5
gxf5 22. Bh3 e4 23. Bg2 Bb7 24. cxb5 axb5 25. Rf2 Bxd5 26. Nxd5 Qb8 27. Qe3 Ne6
28. Rfd2 Rc8 29. Kf1 Rc4 30. Nb6 Rcc7 31. Nxd7 Rxd7 32. Rd5 Qb7 33. Rxd6 Nf8
34. Qb3+ Kh8 35. Qd5 Qxd5 36. R6xd5 Ra7 37. Rxf5 Re7 38. Rxb5 Ne6 39. Bxe4 Bf6
40. Rb8+ Kg7 41. Rb7 Nc7 42. Bc6 1-0

[Event "SG Kirchehren./Eberm. 1-SK Schwanstette"]
[Site "?"]
[Date "2015.01.25"]
[Round "5.6"]
[White "Kramer, Markus"]
[Black "Arlt, Birgit"]
[Result "1-0"]
[WhiteElo "1706"]
[BlackElo "1585"]
[PlyCount "89"]
[EventDate "2015.??.??"]
[WhiteTeam "SG Kirchehren./Eberm. 1"]
[BlackTeam "SK Schwanstetten 1"]

1. f4 Nf6 2. Nf3 d5 3. e3 Bg4 4. Be2 e6 5. O-O Nbd7 6. d4 c5 7. c3 Be7 8. Nbd2
O-O 9. h3 Bxf3 10. Bxf3 Qb6 11. g4 Ne8 12. Qe2 cxd4 13. exd4 Qd6 14. Bg2 Qc7
15. Nf3 Nb6 16. Re1 Bd6 17. Ne5 Nf6 18. g5 Nfd7 19. Bd2 Rae8 20. b3 Nxe5 21.
fxe5 Be7 22. Qg4 Bd8 23. Rf1 Kh8 24. Rae1 Qe7 25. h4 f6 26. Bf4 f5 27. Qg3 Qf7
28. Rf2 Qe7 29. Bf3 g6 30. Rh2 Kg7 31. Kg2 Rh8 32. Reh1 Reg8 33. h5 Kf8 34. h6
Ke8 35. Rc1 Qa3 36. Kh3 Qe7 37. c4 dxc4 38. bxc4 Rf8 39. d5 exd5 40. cxd5 Qd7
41. e6 Qb5 42. d6 Bxg5 43. d7+ Nxd7 44. exd7+ Qxd7 45. Qxg5 1-0

[Event "SG Kirchehren./Eberm. 1-SK Schwanstette"]
[Site "?"]
[Date "2015.01.25"]
[Round "5.7"]
[White "Gstaltmeyr, Karl"]
[Black "Hofmann, Johannes"]
[Result "1-0"]
[WhiteElo "1721"]
[BlackElo "1566"]
[PlyCount "83"]
[EventDate "2015.??.??"]
[WhiteTeam "SK Schwanstetten 1"]
[BlackTeam "SG Kirchehren./Eberm. 1"]

1. d4 d5 2. Nf3 Bf5 3. Bf4 Nf6 4. Nbd2 Nbd7 5. h3 e6 6. e3 Be7 7. c4 dxc4 8.
Bxc4 O-O 9. O-O Ne4 10. Nxe4 Bxe4 11. Nd2 Bg6 12. Qb3 Nb6 13. Be2 Bd6 14. Bxd6
Qxd6 15. Bf3 c6 16. a4 Rab8 17. a5 Nd5 18. Nc4 Qe7 19. Rfe1 Rfd8 20. Rad1 Qc7
21. Qa3 Qe7 22. Qc5 Qxc5 23. dxc5 b6 24. axb6 axb6 25. cxb6 Bc2 26. Rd2 Bb3 27.
Na5 Rxb6 28. Nxb3 Rxb3 29. e4 Rdb8 30. exd5 cxd5 31. Ra1 h6 32. Ra2 Kf8 33. Bd1
R3b4 34. Ba4 Ke7 35. b3 Kd6 36. Rac2 R4b6 37. Kf1 e5 38. f3 f6 39. Rd1 d4 40.
Ke2 Kd5 41. Rdc1 R6b7 42. Bc6+ 1-0